1028 1832 1691 1682 1445 1540 1634 1567 1441 1084 1618 1194 1518 1847 1118 1567 1809 1851 1360 1265 1759 1647 1036 1897 1806 1483 1387 1134 1972 1614 1319 1235 1580 1627 1620 1744 1697 1771 1605 1211 1649 1834 1371 1941 1951 1432 1735 1397 1755 1254 1917 1753 1389 1347 1191 1405 1251 1876 1206 1966 1370 1426 1066 1419 1847 1196 1672 1377 1473 1055 1282 1505 1699 1156 1196 1062 1521 1671 1310 1408 1764 1921 1554 1497 1021 1691 1013 1838 1576 1618 1116 1338 1168 1224 1098 1636 1237 1298 1854 BCNSPRNW ULIB Ver.6.0+V

เปลี่ยนเป็นภาษาไทย

Change to English
 แสดงรายละเอียดบรรณานุกรม
  กลับหน้าหลัก

Brief Record : Get Marc (ISO 2709) : E-mail record : QR code < ปิดหน้าต่าง
LEADER : 00000nam 2200000uu 4500
001    13399127198
003     ULIB
008    191021s2562||||th 000 0 tha d
020 ^- ^a9786160036073
050 ^- ^aนว.^bบ895อ^cล.2
100 ^- ^aแบมแบม.
245 10 ^aอาณาจักรพระอาทิตย์ เล่ม 2 (SETTING SUN) /^cแบมแบม.
250 ^- ^aพิมพ์ครั้งที่ 1.
260 ^- ^aปทุมธานี :^bDeep,^c2562
300 ^- ^a301 หน้า.
945    ^p650^l0^i27891
999    ^aกัณชพร จุลอักษร
รายการนี้ยังไม่มีแท็ก
คุณยังไม่ได้ล็อกอิน คุณสามารถมีกิจกรรมร่วมกับเว็บไซต์ได้ แต่ต้องล็อกอินก่อน ::
  ล็อกอิน

รายการสื่อสารสนเทศ

ลำดับที่ ประเภท เลขเรียก/บาร์โค้ด สถานที่ สถานะ
1. วิทยาศาสตร์การแพทย์ และสุขภาพ
วิทยาศาสตร์การแพทย์ และสุขภาพ
นว. บ895อ ล.2 ฉ.1 
  Barcode: 27891
ห้องสมุดวิทยาเขตนครสวรรค์
►นวนิยาย:l:Fiction
บนชั้น
Note:1 ชุด 650บาท

รายการใกล้เคียง
    ผู้แต่ง [แบมแบม.]

BibComment


ยังไม่เคยถูกคอมเมนท์

คอมเมนท์ทรัพยากรรายการนี้
  คอมเมนท์: อาณาจักรพระอาทิต..


 Copyright 2026. Bcnsprnw @Library